Normal view
MARC view
- Guarantee for Savings - Reports - Banks - Banking Services - Deposit Guarantee -
Entry Topical Term
001 - CONTROL NUMBER
- control field: 4262
003 - CONTROL NUMBER IDENTIFIER
- control field: JO-AjAnu
005 - DATE AND TIME OF LATEST TRANSACTION
- control field: 20230606071010.0
008 - FIXED-LENGTH DATA ELEMENTS
- fixed length control field: 230606|| aca||aabn | a|a d
040 ## - CATALOGING SOURCE
- Original cataloging agency: JO-AjAnu
- Transcribing agency: JO-AjAnu
150 ## - HEADING--TOPICAL TERM
- Topical term or geographic name entry element: Guarantee for Savings - Reports - Banks - Banking Services - Deposit Guarantee -
670 ## - SOURCE DATA FOUND
- Source citation: Work cat.: (JO-AjAnu)2214: Deposit Insurance Corporation, author 4261, Annual Report 2014, Insuring Deposits, Protects Your Future Savings